000 00631nam a22002297a 4500
003 UA-OsUOA
001 98277
007 ta
008 20130411b un ||||| |||| 00| 0 ukr d
100 _aПроханов А.
090 _a821.161.1
_bП84
942 _cBK
040 _aUA-OsUOA
_brus
_cUA-OsUOA
_dUA-OsUOA
245 _aСветлей лазури
_bповести, рассказы
300 _a319 с.
955 _a3
041 _arus
080 _a821.161.1
260 _aМ.
_bМолодая гвардия
_c1986
650 7 _a82 Література. Літературознавство
_2UDC
999 _c384770
_d384770